| 000 | 00655nam a22001697a 4500 | ||
|---|---|---|---|
| 999 |
_c15010 _d15010 |
||
| 003 | AR-CdUCM | ||
| 008 | 190425b ||||| |||| 00| 0 spa d | ||
| 040 |
_aMUNICIPALIDAD PROVINCIAL DEL CUSCO _cBIBLIOTECA MUNICIPAL DEL CUSCO |
||
| 082 |
_aC / 340.4 / _bD67 |
||
| 100 |
_aDurant Teves, Segundo _934014 |
||
| 245 | _aNecesidad urgente de reformar la ley orgánica de municipalidades / | ||
| 260 |
_aCuzco : _bUnsaac, _c1953. |
||
| 300 |
_a87 hojas ; _c28 cm. |
||
| 505 | _aLas municipalidades a traves de la historia -- El gobierno local a traves de la historia nacional -- Inoperante de la vigente ley orgánica... | ||
| 942 |
_2ddc _cTESIS |
||
| 945 | _awfj | ||